Регионална библиотека "Любен Каравелов" - Русе

Фразеологизмите като знаци в езика на културата (Запис номер 73698)

MARC детайли
000 -Лидер
Контролно поле с фиксирана дължина 01644nam a2200397 c 4500
003 - Код на организацията, давaща контролен номер
Контролно поле BLK
005 - Дата и час на последна редакция
Контролно поле 20241014113740.0
008 - Елементи от данни с фиксирана дължина
fixed length control field 180408b bul|||||r ||||||| ||bul||
010 ## - Наследен системен номер
LC control number KNG00078093000
020 ## - Международен стандартен номер на книга ISBN
Международен стандартен номер на книга ISBN 9789548190831
040 ## - Източник на каталожния запис
Идентификатор на билиотеката - собственик на записа BLK
041 ## - Код за език
Код за езика на текст/звукозапис или на отделно заглавие Български
-- Руски
-- Сръбски
Код за езика КДБФ Български
080 ## - УДК
Текстов определител УДК Български език
УДК код - определител по УДК 811.163.2
УДК определител '373.7
УДК - код + определител 811.163.2'373.7
080 ## - УДК
Текстов определител УДК Сръбски език
УДК код - определител по УДК 811.163.41
УДК определител '373.7
УДК - код + определител 811.163.41'373.7
080 ## - УДК
Текстов определител УДК Руски език
УДК код - определител по УДК 811.161.1
УДК определител '373.7
УДК - код + определител 811.161.1'373.7
080 ## - УДК
Текстов определител УДК Лингвокултурология
УДК код - определител по УДК 81:008
УДК - код + определител 81:008
100 1# - Редна дума - Автор
Автор Недкова, Емилия Димитрова
Авторска отговорност първи автор
R(LIN) 291383
139 ## - Редно поле
Редна дума Недкова, Емилия Димитрова
Авторски знак Недк - Н 45
245 10 - Сведения за заглавието
Заглавие Фразеологизмите като знаци в езика на културата
Подзаглавни данни Върху материал от бълг., сръб. и рус. ез.
Редно поле (дума) Емилия Недкова.
257 ## - Страна на издаване
Страна на създаване/издаване България
260 ## - Област на издателските данни
Име на издателя, разпространителя и проч. Лени-Ан
Година на издаване 2011
300 ## - Физическа характеристика
Страници 143 с.
Размери/Мащаб 24 см
380 ## - Жанр
Жанр Езикознание. Филология
500 ## - Общи забележки
Забележка Библиогр. с 130-141.
650 #4 - Допълнително описание по предмет – тема
Основно описание – тема или топоним Български език - фразеология - сравнителен анализ
9 (RLIN) 259087
650 #4 - Допълнително описание по предмет – тема
Основно описание – тема или топоним Сръбски език
9 (RLIN) 275216
650 #4 - Допълнително описание по предмет – тема
Основно описание – тема или топоним Руски език - фразеология
9 (RLIN) 296511
653 ## - Ключова дума – ненормативна
Ключова дума лингвокултурология
653 ## - Ключова дума – ненормативна
Ключова дума сравнително езикознание
852 ## - Местоположение
Форматна сигнатура Цб 253232
852 ## - Местоположение
Фондова буква Заемна - подръчен фонд
Систематично-азбучна сигнатура 811.163.2/
856 4# - Електронен адрес и достъп
Електронен формат pdf - файл
856 4# - Електронен адрес и достъп
Електронен формат pdf - файл
942 ## - АРТИКУЛИ
Вид на библиотечния материал Книги
Скрит в OPAC Не
Koha issues (borrowed), all copies 4
944 ## - СЪЗДАВАНЕ И РЕДАКЦИЯ на ЗАПИСА
Създаване/Редакция Създаване
Дата на регистрацията/редакция 17.10.2011
Статус, дата на статуса Минев Младен
Служител, извършил регистрацията/редакцията 30530
999 ## - СИСТЕМНИ КОНТРОЛНИ НОМЕРА
Koha biblionumber 73698
Koha biblioitemnumber 73698
Наличности
Код за отписване Код за изгубен артикул Източник на класификационната схема Код за повреда Коз за рестрикции Код за отдаване Артикулен № Име на библиотеката - собственик Име на библиотеката, в която се намира в момента Статус (Текущо местоположение) Дата на вписване в системата Местоположение - отдел Цена в лева Инвентарен номер Систематично азбучна сигнатура Баркод Номер на екземпляра Цена в евро Служебна бележка Служебен тип на артикула
Изтеглен Не е изгубен Universal Decimal Classification Не е повреден без рестрикции заемане за дома 119850 Регионална библиотека "Любен Каравелов" Русе Регионална библиотека "Любен Каравелов" Русе Заемна - подръчен фонд 2011-10-17 Заемна - подръчен фонд 10.00 120000753604 П 808.67/Н 45 120000753604 1 5.11 Дост: DA Вид: А N: 15 Дата: 17.10.2011 Дата инв: 08.02.2018 Бележки инв: П2018 Книги
  Не е изгубен Universal Decimal Classification Не е повреден без рестрикции заемане за дома 119851 Регионална библиотека "Любен Каравелов" Русе Регионална библиотека "Любен Каравелов" Русе Заемна - подръчен фонд 2011-10-17 Заемна - подръчен фонд 10.00 120000753605 811.163.2/Н 45 Е 120000753605 2 5.11 Дост: DA Вид: А N: 15 Дата: 17.10.2011 Книги
  Не е изгубен Universal Decimal Classification Не е повреден без рестрикции заемане за дома 119852 Регионална библиотека "Любен Каравелов" Русе Регионална библиотека "Любен Каравелов" Русе Заемна - подръчен фонд 2011-10-17 Заемна - подръчен фонд 10.00 120000753606 811.163.2/Н 45 Е 120000753606 3 5.11 Дост: DA Вид: А N: 15 Дата: 17.10.2011 Дата инв: 08.02.2018 Бележки инв: П2018 Книги
  Не е изгубен   Не е повреден без рестрикции ползва се в читалня 119853 Регионална библиотека "Любен Каравелов" Русе Регионална библиотека "Любен Каравелов" Русе Хранилище 2013-03-20 Хранилище 10.00 120000765197 Цб 253232 120000765197 4 5.11 Дост: Dp Вид: Д N: 48 Дата: 21.11.2011 Книги
  Не е изгубен Universal Decimal Classification Не е повреден   заемане за дома 942420 Регионална библиотека "Любен Каравелов" Русе Регионална библиотека "Любен Каравелов" Русе Заемна - подръчен фонд 2024-04-18 Заемна - подръчен фонд 10.00 120000901443 811.163.2/Н 45 Е 120000901443   5.11   Книги
Vip Innovations Ltd, Rousse, Bulgaria 2025